000 01337nam a22003617a 4500
003 CHAP
005 20220817041709.0
008 971013s1985 r 00010 d
010 _a21856
011 _a22828
035 _a26923
040 _cCHAP
090 _aFolleto 9209
100 0 0 _aBoungiorno, Joseph.
_914766
245 _aPredicción a largo plazo de productos forestales en países desarrollados y en vías de desarrollo
260 _aChapingo, Méx. :
_bUACH. Departamento de Bosques,
_c1985
300 _app. 1-25
_b; gráfs.
490 _aSerie de Apoyo Académico
_v; 11
501 _aEnc. con otros impresos similares
590 _aBATCH-UPD
_b10
_c20130110
_lUCH01
_h2240
590 _aBATCH-UPD
_b10
_c20130410
_lUCH01
_h1535
590 _aBATCH-UPD
_b10
_c20130914
_lUCH01
_h1915
590 _aCONVERSION
_b10
_c20130109
_lUCH01
_h1313
650 1 4 _aProductos forestales
_xPaíses subdesarrollados.
_992100
830 0 _aSerie de apoyo académico
_v; 11
901 _aBK
942 _cFOLL
949 _aFolleto 9209
_bBC
_cFOLL
_d-62127
_eTS1
_i26923
_si
949 _aFolleto 9209
_bBC
_cFOLL
_d-62128
_eTS2
_fc.2
_i26923
_si
949 _aFolleto 9209
_bBC
_cFOLL
_d-62129
_eTS2
_fc.3
_i26923
_si
949 _aFolleto 9209
_bBC
_cFOLL
_d-62130
_eTS2
_fc.4
_i26923
_si
949 _aFolleto 9209
_bBC
_cFOLL
_d-62131
_eTS2
_fc.5
_i26923
_si
999 _c21856
_d21856